[Event "MPL National Senior Chess-ch 2022"]
[Site "Kanpur"]
[Date "2022.02.26"]
[Round "3.7"]
[White "Shahil Dey"]
[Black "Aravindh, Chithambaram VR."]
[Result "1/2-1/2"]
[WhiteElo "2400"]
[BlackElo "2611"]
[Annotator "TA"]
[PlyCount "125"]
[EventDate "2022.02.25"]
[EventCountry "IND"]
[SourceTitle "playchess.com"]
[Source "ChessBase"]
[SourceQuality "1"]

{[%evp 10,125,32,18,19,22,16,9,29,29,45,35,61,59,68,55,75,25,31,34,38,25,35,0,0,0,0,0,0,0,39,43,40,55,46,48,54,14,37,47,38,0,0,0,0,0,0,-7,-2,-7,0,-2,-2,-9,-6,-9,-6,-96,0,0,0,0,0,0,0,0,0,0,0,0,0,0,0,0,0,0,0,0,0,0,0,0,12,0,0,0,0,0,0,0,0,0,0,0,0,0,0,0,0,0,0,0,0,0,0,0,0,0,0,0,0,0,0,0,0,-28000,-28000,-28000]} 1. e4 c6 2. d4 d5 3. Nd2 dxe4 4. Nxe4 Nd7 5. Nf3 Ngf6 6. Ned2 g6 {B17: Caro-Kann: Modern Line (4...Nd7).} 7. g3 Bg7 8. Bg2 O-O {The position is equal.} 9. O-O Nb6 {[#]} 10. b3 $146 ({Predecessor:} 10. Re1 Bg4 11. h3 Bxf3 12. Nxf3 e6 13. c3 Nbd5 14. Bd2 Qc7 15. b4 Rfd8 16. Qb3 {0-1 (44) Vaibhav,S (2521)-Burmakin,V (2593) Abu Dhabi 2014}) 10... Qc7 11. Bb2 c5 12. c4 cxd4 13. Bxd4 (13. Nxd4 $16 Qc5 14. N2f3) 13... Bf5 $11 14. Qe2 Rad8 15. Rfe1 (15. h3 {looks sharper.} Rfe8 16. g4 Bd7 17. Rfe1 Bc6 18. Rad1) 15... Rfe8 16. Qe5 (16. Bb2 {is interesting.} e5 17. Nf1 Nbd7 18. Ne3 Be4 19. Rad1) 16... Qxe5 17. Bxe5 (17. Rxe5 Ng4 18. Rxf5 gxf5 19. Bxg7 Kxg7 $17) 17... Nbd7 {[%cal Bb6d7,Bd7c5,Bc5d3][%mdl 32]} 18. Bd4 e5 19. Bc3 Nc5 {[#] And now ...e4 would win.} 20. Rxe5 (20. Nxe5 Ng4 21. f4 Nxe5 22. fxe5 Rd3 $17) (20. Bxe5 Nd3 21. Nf1 Be4 $17) 20... Rxe5 21. Bxe5 ({Of course not} 21. Nxe5 Ng4 22. Ndf3 {[#]} Nxf2 $1 $15) 21... Nd3 22. Bd4 b6 23. a3 g5 24. Rf1 h6 25. b4 Be6 26. Ba1 Ng4 27. Bxg7 Kxg7 28. h3 Nge5 29. Rb1 Bxc4 30. Nxe5 Nxe5 31. Nxc4 Nxc4 {[%mdl 4096] Endgame KRB-KRN} 32. a4 Rd4 33. Bf1 (33. a5 $11) 33... Nd6 (33... Nd2 $17 34. Rb2 Nxf1 35. Kxf1 Rd1+ 36. Ke2 Ra1) 34. a5 Kf6 35. axb6 axb6 36. b5 Ne4 37. Rc1 Nc5 38. Re1 Ne6 39. Rc1 Rd6 40. Rc8 Ke5 41. Bc4 Nd4 42. Re8+ Kf6 43. Kg2 Ne6 44. Rh8 Kg7 45. Rc8 Kf6 46. Rh8 Rd8 47. Rxd8 ({But not} 47. Rxh6+ Kg7 48. Rh5 Kg6 49. Bxe6 Kxh5 50. Bxf7+ Kh6 $15) 47... Nxd8 {KB-KN} 48. Kf3 Nb7 49. h4 Nd6 50. hxg5+ hxg5 51. Bd3 Ke5 52. Kg4 f6 53. Bf1 Ne4 54. f4+ gxf4 55. gxf4+ Kd4 56. Bg2 Nd6 57. Bc6 Ke3 58. Bd7 Ke4 59. Bc6+ $1 Kd4 60. Kh5 Ke3 61. Kg6 Kxf4 $2 {[%mdl 8192]} (61... f5 $11 62. Kg5 Kd4) 62. Kxf6 Nxb5 63. Bxb5 {[%mdl 32768] Weighted Error Value: White=0.07 (flawless) /Black=0.05 (flawless) . An unexpected result.} 1/2-1/2

[Event "MPL National Senior Chess-ch 2022"]
[Site "Kanpur"]
[Date "2022.02.26"]
[Round "3.8"]
[White "Aryan Chopra"]
[Black "Anuj Shrivatri"]
[Result "1-0"]
[WhiteElo "2585"]
[BlackElo "2350"]
[Annotator "TA"]
[PlyCount "73"]
[EventDate "2022.02.25"]
[EventCountry "IND"]
[SourceTitle "playchess.com"]
[Source "ChessBase"]
[SourceQuality "1"]

{[%evp 9,73,2,7,6,9,12,14,0,20,12,8,9,9,15,15,11,25,0,0,0,0,0,0,0,0,0,0,0,0,0,0,0,20,10,10,16,14,53,142,129,175,172,185,162,296,270,267,59,36,11,275,270,414,405,429,160,446,432,893,891,845,879,893,885,820,801]} 1. c4 Nf6 2. Nc3 e5 3. Nf3 Nc6 4. e4 Bb4 5. d3 d6 6. a3 {A28: English Opening: Four Knights Variation.} Bc5 7. b4 Bb6 8. Na4 {The position is equal.} Bg4 9. Be2 Bxf3 10. Bxf3 Bd4 11. Rb1 Nd7 {[#]} 12. O-O $146 ({Predecessor:} 12. Bd2 Nf8 13. Nc3 Ne6 14. O-O a5 15. Bg4 axb4 16. axb4 O-O 17. Kh1 Ne7 18. Ne2 {½-½ (46) Gelfand,B (2655)-Deac,B (2609) Skopje 2019}) 12... Nf8 13. b5 Nb8 14. Be3 {aiming for Bxd4.} Ne6 15. Bg4 Bxe3 16. fxe3 {[%cal Of1f7]} O-O 17. Nc3 {[%cal Ba4c3,Bc3d5,Bd5b6,Bb6c8,Bc8d6][%mdl 32]} Nd7 18. a4 a6 19. bxa6 bxa6 20. a5 Ndc5 21. Nd5 c6 22. Nb6 Ra7 23. Bf5 Qg5 {[#]} ({Black should play} 23... Qh4 $14) 24. Rf3 $1 $16 Nd8 (24... Qe7 $16) 25. Nc8 $18 Rc7 26. Nxd6 Nce6 (26... g6 {was worth a try.}) 27. Rg3 Qf6 {[#]} 28. Qh5 (28. c5 $1 $18) 28... g6 $14 29. Rf1 {[%cal Of5g6] Strongly threatening Bxg6!} Ng7 $2 {[%mdl 8192] Black cannot hold the game after this.} (29... Nf4 $1 $11 30. Qg4 (30. exf4 exf4 31. Rxf4 Qxd6 $11) 30... Qxd6 31. exf4 c5) 30. Qh6 $18 {[%cal Of5g6] Threatens to win with Bxg6!} Qxd6 (30... Nh5 $142 31. Rh3 (31. Bxg6 Qxf1+ 32. Kxf1 Nxg3+ 33. hxg3 fxg6+ 34. Kg1 c5 $18) 31... Qg7 32. Rxh5 gxh5 33. Qxh5 Nb7) 31. Rh3 {[%csl Gh3][%cal Rh6h7]} Re8 32. Qxh7+ $40 {[%mdl 128] White goes for the king.} Kf8 33. Bxg6 {White is clearly winning.} Ke7 (33... Nde6 $142 34. Qh4 Qd8) 34. Qxg7 {[%cal Rf1f7] Intending Rxf7+ and mate.} Qxg6 35. Qxg6 ({Weaker is} 35. Qxe5+ Kd7 36. Qd4+ Qd6 $16) 35... fxg6 36. Rh7+ Kd6 37. c5+ $1 {[%mdl 64] Deflection.  Weighted Error Value: White=0.12 (very precise) /Black=0.29 (precise)} 1-0

[Event "MPL National Senior Chess-ch 2022"]
[Site "Kanpur"]
[Date "2022.02.26"]
[Round "3.9"]
[White "Srihari L R"]
[Black "Lalith Babu M R"]
[Result "1/2-1/2"]
[WhiteElo "2400"]
[BlackElo "2563"]
[Annotator "TA"]
[PlyCount "86"]
[EventDate "2022.02.25"]
[EventCountry "IND"]
[SourceTitle "playchess.com"]
[Source "ChessBase"]
[SourceQuality "1"]

{[%evp 17,86,0,13,0,0,5,11,0,14,0,10,-2,26,19,25,25,20,15,15,0,11,0,0,0,0,0,0,0,0,0,0,0,28,0,41,23,30,9,8,22,12,12,12,12,12,17,18,24,24,0,293,285,320,94,106,99,135,86,86,54,59,62,54,54,49,42,19,16,70,31,31]} 1. d4 Nf6 2. c4 e6 3. Nf3 b6 4. g3 Bb7 5. Bg2 Bb4+ 6. Bd2 a5 7. O-O O-O 8. Nc3 d6 9. Qc2 Nbd7 10. Rfe1 {E16: Queen's Indian: 4 g3 Bb7 5 Bg2 Bb4+.} Bxc3 11. Bxc3 Be4 12. Qc1 {The position is equal.} c6 13. b3 b5 {[#]} 14. c5 $146 ({Predecessor:} 14. Nd2 Bxg2 15. Kxg2 b4 16. Bb2 c5 17. a4 cxd4 18. Bxd4 e5 19. Bb2 Nc5 20. Qc2 {½-½ (48) Rodshtein,M (2626)-Bocharov,D (2569) Plovdiv 2008}) 14... Qe7 15. cxd6 Qxd6 16. Ne5 Bxg2 17. Kxg2 Rfc8 18. Qf4 a4 19. b4 Qe7 20. e4 {Prevents Nd5.} Nxe5 21. dxe5 Nd7 22. Red1 c5 23. Rd6 cxb4 24. Bxb4 Rc4 25. a3 (25. Rad1 $5 Nf8 26. R1d4 $14) 25... Nf8 (25... Nc5 $11) 26. Rad1 $14 Ng6 27. Qd2 {[#] Hoping for Rd8+.} h6 $1 28. Rd8+ Rxd8 29. Qxd8+ Qxd8 30. Rxd8+ $11 {[%mdl 4096] Endgame KRB-KRN} Kh7 31. f4 Rxe4 32. Kf3 Rc4 33. Rb8 (33. Rd7 $5 {[%cal Rd7f7]}) 33... f6 $2 {[%mdl 8192]} (33... Rc2 $11) 34. exf6 $18 {Black must now prevent Rb7.} ({Inferior is} 34. Rxb5 fxe5 35. fxe5 Rc2 $11) 34... gxf6 {[#]} 35. Rxb5 (35. Rb7+ $1 $18 {and the rest is easy.} Kg8 36. Rxb5) 35... f5 $16 36. Ra5 Kg8 37. h4 (37. Rxa4 $142 Rc7 38. Ra6) 37... h5 38. Ra8+ Kf7 39. Ra7+ Kg8 40. Rxa4 {Threatens to win with Ra5.} e5 {[%cal Re5f4]} 41. fxe5 Nxe5+ 42. Ke2 Re4+ ({Black should try} 42... f4 $11 43. Ra8+ Kh7) 43. Kf1 f4 $1 {Weighted Error Value: White=0.23 (precise) /Black=0.20 (precise)} 1/2-1/2

[Event "MPL National Senior Chess-ch 2022"]
[Site "Kanpur"]
[Date "2022.02.26"]
[Round "3.10"]
[White "Ritviz, Parab"]
[Black "Mitrabha, Guha"]
[Result "1/2-1/2"]
[WhiteElo "2349"]
[BlackElo "2510"]
[Annotator "TA"]
[PlyCount "157"]
[EventDate "2022.02.25"]
[EventCountry "IND"]
[SourceTitle "playchess.com"]
[Source "ChessBase"]
[SourceQuality "1"]

{[%evp 10,157,38,26,40,44,31,45,29,28,29,33,42,0,7,0,18,8,5,17,7,-16,19,-47,17,-8,16,20,14,20,27,22,35,12,31,0,22,0,0,0,0,0,12,4,27,27,19,24,30,0,-2,-31,-31,-31,-31,-31,-31,-36,-16,-31,0,-44,-17,-22,-18,-33,-12,-20,0,1,19,0,0,0,3,0,0,0,0,0,0,-46,-46,-46,-54,-83,-33,-62,-25,-18,-18,-85,-72,-117,-38,-29,0,0,196,0,0,0,0,0,0,0,0,0,0,0,0,0,0,0,0,0,0,0,0,0,8,0,8,0,30,30,30,30,50,0,0,0,0,0,0,0,0,-5,-5,-5,-5,-5,-5,-5,-5,-5,-5,-5,0,0]} 1. e4 e5 2. Nf3 Nc6 3. Bb5 a6 4. Ba4 Bc5 5. c3 Nge7 6. O-O Ng6 {C64: Ruy Lopez: Classical Defence (3...Bc5) except 4 0-0 Nf6.} 7. d4 Ba7 8. Bg5 f6 {White is slightly better.} 9. Be3 O-O 10. Nbd2 Kh8 11. Qe2 (11. Re1 $14) 11... d6 {[#]} 12. Rad1 $146 ({Predecessor:} 12. Rfd1 exd4 13. cxd4 Nce7 14. Bc2 c6 15. Nf1 d5 16. exd5 Nxd5 17. Bxg6 hxg6 18. Nh4 {1-0 (36) Aleksandrov,D (2199)-Petrov,N (2562) Novorossiysk 2021}) 12... Bd7 {[%cal Oc6d4]} 13. Bb3 Qe8 14. Rfe1 Nd8 15. d5 Nf7 16. Nf1 (16. g3 $11) 16... Nh6 (16... Nf4 $15 17. Bxf4 exf4) 17. Bc2 Ng4 18. Bxa7 Rxa7 19. g3 Nh6 20. Ne3 Ra8 21. c4 a5 22. Nf5 Nf7 23. N3h4 Nxh4 24. Nxh4 Ng5 25. Kh1 g6 26. Qe3 Qb8 27. f4 Nf7 28. Rd2 Qa7 (28... a4 {is interesting.} 29. f5 gxf5 30. Nxf5 Bxf5 31. exf5 Rg8) 29. Qxa7 (29. Qf3 {keeps more tension.} Qc5 30. Bd3 Rae8 31. f5 Ng5 32. Qf1) 29... Rxa7 30. a4 Kg7 31. b3 Raa8 32. Rf2 Rae8 33. Kg2 Re7 34. Ref1 Ree8 35. Nf3 (35. Re1 $11 {should be considered.}) 35... Nh6 36. h3 Nf7 37. Bb1 h6 (37... Rh8 {feels hotter.} 38. fxe5 fxe5 39. Nd2 Rhf8 40. h4 b6) 38. Bc2 exf4 39. gxf4 g5 40. Nd4 gxf4 41. Rxf4 Ng5 42. Rh1 Re7 43. h4 Nf7 {[%cal Bg5f7,Bf7e5,Be5g6,Bg6h4][%mdl 32]} 44. Rhf1 Ne5 45. Ne2 (45. Kf2 $11) 45... Ng6 $15 46. R4f2 Nxh4+ 47. Kh2 Re5 (47... h5 $17) 48. Nf4 $1 Rg5 49. Bd1 {Prevents h5.} Kh8 50. Nh5 (50. Bh5 $11 {remains equal.}) 50... f5 $17 51. Ng3 {[#]} ({Better is} 51. exf5 Nxf5 52. Nf4) 51... Re8 (51... Rfg8 $1 $17 52. Nxf5 Bxf5 53. exf5 Ng2) 52. exf5 $15 {f6 is the strong threat.} Re3 (52... Re5 $5 {[%cal Rh4f5]}) 53. Rf4 Ng2 $2 54. Rg4 $2 (54. R4f3 $18) 54... Ne1 $11 55. Rxg5 hxg5 56. Nh5 {[#] Strongly threatening f6.} ({Much weaker is} 56. f6 Kg8 $15) 56... Be8 57. Nf6 Nd3 58. Rf3 Rxf3 59. Bxf3 {[%mdl 4096] Endgame KBN-KBN} Bf7 60. Ne4 Kg7 61. Nxg5 Kf6 {[%csl LRf5,LRg5]} 62. Ne6 Kxf5 63. Nxc7 Nc5 64. Bd1 Ke5 65. Bc2 Bh5 66. Kg2 Be2 67. Kf2 Bd3 $1 68. Bd1 Bb1 69. Ne6 (69. Ke3 $14) 69... Nxe6 {The position is equal.} 70. dxe6 Kxe6 {KB-KB} 71. Ke3 Ke5 72. Kd2 Kd4 73. Kc1 Bg6 {aiming for ...Kc3.} 74. Kb2 Be4 75. Bg4 Kd3 76. Be6 Bf3 77. Bf7 Kd4 78. Bg8 Kc5 79. Kc3 {Weighted Error Value: White=0.17 (very precise) /Black=0.19 (very precise)} 1/2-1/2

[Event "MPL National Senior Chess-ch 2022"]
[Site "Kanpur"]
[Date "2022.02.26"]
[Round "3.11"]
[White "Harshad S"]
[Black "Harsha Bharathakoti"]
[Result "0-1"]
[WhiteElo "2328"]
[BlackElo "2499"]
[Annotator "TA"]
[PlyCount "114"]
[EventDate "2022.02.25"]
[EventCountry "IND"]
[SourceTitle "playchess.com"]
[Source "ChessBase"]
[SourceQuality "1"]

{[%evp 15,114,45,30,14,36,-12,2,-12,-7,-6,-16,-9,0,-40,-33,-51,-39,-92,-79,-193,-208,-202,-197,-189,-175,-186,-132,-156,-145,-132,-118,-111,-87,-85,-89,-87,-87,-89,-79,-254,-192,-208,-135,-138,-103,-94,-103,-100,-97,-94,-91,-106,-102,-113,-106,-110,-109,-107,-96,-152,-151,-152,-158,-168,-133,-133,-137,-139,-125,-164,-170,-201,-202,-303,-202,-202,-203,-378,-264,-456,-451,-748,-711,-943,-940,-886,-843,-1189,-1070,-2679,-1997,-2555,-2148,-1923,-1588,-5587,-4956,-29976,-29977,-29984,-29985]} 1. e4 c5 2. Nf3 e6 3. d4 cxd4 4. Nxd4 a6 5. Nc3 b5 6. Bd3 Bb7 7. O-O Nc6 8. Nxc6 Bxc6 9. Qe2 {B43: Sicilian: Kan Variation: 5 Nc3.} Bc5 10. Kh1 (10. Be3 $14 {was preferrable.} Bxe3 11. Qxe3 (11. fxe3 Qg5 $11)) 10... Ne7 $11 11. f4 {[#] The position is equal.} b4 $146 ({Predecessor:} 11... O-O 12. f5 f6 13. Qg4 e5 14. Rf3 Kh8 15. Rh3 Rf7 16. a4 d5 {1-0 (16) Borisek,J (2541)-Kurmann,O (2451) Porto Carras 2011}) 12. Nd1 O-O {[%cal Bh8f8,Bf8e8,Be8e4][%mdl 32]} 13. Be3 Qb6 14. f5 exf5 {...Bxe3 is the strong threat.} 15. exf5 Nd5 16. Bd2 (16. Bxc5 $15 Qxc5 17. a3) 16... Nf6 17. Bg5 (17. Qe1 $17) 17... Rfe8 $19 18. Qd2 Ne4 {To avoid Nf2} 19. Bxe4 Rxe4 (19... Bxe4 20. f6 $17) 20. Nf2 {[#] To avoid Rg4} Bxf2 (20... Rd4 $1 $19 {[%cal Rd4d2]} 21. Qe2 h6) 21. Rxf2 f6 $36 {[%mdl 2048] Black is on the roll.} 22. Bf4 Rae8 {Hoping for ...Rd4.} 23. Raf1 Qb5 24. Bd6 a5 25. h3 Re2 26. Qd1 Qc4 {aiming for ...R8e3. Black is more active.} 27. a3 $2 (27. Kg1 $17) 27... bxa3 28. Bxa3 Qe4 {[%cal Oe4g2]} 29. c3 {[#]} Qxg2+ $1 {[%mdl 512]} 30. Rxg2 $17 Rxg2 31. Qxd7 Bxd7 32. Kxg2 {[%mdl 4096] Endgame KRB-KRB} Re5 33. Bd6 Rd5 34. Bf4 Bxf5 35. h4 Kf7 36. Ra1 Bd7 37. Kf3 (37. b3 $142) 37... a4 38. Ke3 g5 39. Bg3 Kg6 40. c4 Rc5 41. Kd4 Rf5 42. hxg5 fxg5 43. c5 h5 {[%cal Bh7h5,Bh5h4,Bh4h3][%mdl 32]} 44. Be5 (44. Re1 $142) 44... Rf2 {And now ...h4 would win.} 45. Ke3 Rc2 46. Bc3 $2 (46. Rd1 Be6 47. Rf1) 46... h4 47. Kd3 $2 (47. Rd1 Be6 48. Rd2) 47... Rg2 $19 48. Re1 (48. Be5 $142 h3 49. Rd1) 48... h3 49. Rh1 g4 50. Be5 {Prevents h2.} Kf5 51. Bd6 Rxb2 52. Kd4 a3 53. Rf1+ Kg6 {White must now prevent ...a2.} 54. c6 Rd2+ 55. Ke5 Bxc6 {Threatens to win with ...h2.} 56. Bxa3 h2 57. Rf6+ Kg7 {Weighted Error Value: White=0.81/Black=0.18 (very precise)} 0-1

[Event "MPL National Senior Chess-ch 2022"]
[Site "Kanpur"]
[Date "2022.02.26"]
[Round "3.12"]
[White "Swapnil, S. Dhopade"]
[Black "Utsab Chatterjee"]
[Result "0-1"]
[WhiteElo "2495"]
[BlackElo "2321"]
[Annotator "TA"]
[PlyCount "88"]
[EventDate "2022.02.25"]
[EventCountry "IND"]
[SourceTitle "playchess.com"]
[Source "ChessBase"]
[SourceQuality "1"]

{[%evp 19,88,32,25,29,54,36,47,34,47,38,68,69,225,197,198,-234,-275,-258,-270,-258,-248,-257,-259,-285,-268,-261,-196,-174,-183,-183,-187,-198,-202,-219,-213,-208,-212,-222,-201,-227,-231,-285,-290,-283,-258,-251,-260,-297,-290,-272,-244,-219,-219,-416,-410,-492,-479,-540,-397,-527,-513,-587,-581,-652,-641,-648,-634,-626,-594,-835,-777]} 1. d4 d5 2. c4 e6 3. Nf3 Nf6 4. Nc3 Be7 5. Bf4 O-O 6. e3 c5 7. dxc5 Bxc5 8. a3 Nc6 9. Qc2 Qa5 10. Rd1 Be7 11. Be2 {D37: Queen's Gambit Declined: 5 Bf4.} Rd8 12. O-O dxc4 13. Bxc4 {White is slightly better.} a6 {Prevents Nb5.} 14. Rxd8+ {[#]} Bxd8 $146 ({Predecessor:} 14... Qxd8 15. Rd1 Qe8 16. Ne4 b5 17. Bd3 h6 18. Nd6 Bxd6 19. Bxd6 Bb7 20. h3 Rc8 21. Qe2 {1-0 (44) Baskin,R (2390)-Poliannikov,D (2227) Chess.com INT 2020}) 15. Rd1 Qh5 $2 {[#]} (15... Be7 $14) 16. Ne5 $1 {[%mdl 512]} Be7 {[#]} 17. Na4 $4 {[%mdl 8192]} Nxe5 $19 {White is now going downhill.} 18. Be2 Qg6 19. Qc7 {[#]} Bd7 $1 20. Bxe5 Bxa4 21. Qxb7 Re8 22. Rc1 Qe4 23. Qxe4 Nxe4 24. Bxa6 Nc5 {[%cal Be4c5,Bc5b3,Bb3d2][%mdl 32]} 25. Be2 Rd8 26. h3 f6 27. Bc3 Nb3 28. Re1 Bc5 29. Bc4 Kf7 30. f3 Nd2 31. Ba2 Bb3 32. Bxb3 Nxb3 33. Kf1 Rd3 34. e4 Nd4 35. Rc1 e5 36. b4 $2 {[#]} (36. h4 {might work better.}) 36... Nb5 $1 {[%csl LRa3,LRc3]} 37. Bb2 (37. bxc5 Rxc3) 37... Be3 38. Rc2 Nxa3 39. Ke2 {And now Rc7+ would win.} Rb3 {Black is clearly winning.} ({Worse is} 39... Nxc2 40. Kxd3 Ne1+ 41. Kxe3 $15) 40. Rc7+ Kg6 41. Bc3 {[#]} Nb5 $1 {[%csl LRc3,LRc7]} 42. Rc4 Nxc3+ 43. Kxe3 Nd5+ 44. Kf2 Rb2+ {Weighted Error Value: White=0.57/Black=0.14 (very precise)} 0-1

[Event "MPL National Senior Chess-ch 2022"]
[Site "Kanpur"]
[Date "2022.02.26"]
[Round "3.13"]
[White "Ratnakaran, K.."]
[Black "Aditya Mittal"]
[Result "1/2-1/2"]
[WhiteElo "2316"]
[BlackElo "2487"]
[Annotator "TA"]
[PlyCount "120"]
[EventDate "2022.02.25"]
[EventCountry "IND"]
[SourceTitle "playchess.com"]
[Source "ChessBase"]
[SourceQuality "1"]

{[%evp 10,120,21,16,8,-3,0,0,0,0,0,0,3,-1,7,10,4,0,54,46,46,33,68,19,29,0,17,31,25,-7,0,0,0,-7,24,34,33,15,6,9,6,13,18,0,12,0,0,0,0,0,0,0,-1,-1,-1,-21,0,0,13,15,14,14,14,0,0,0,2,0,25,25,26,25,25,26,48,10,10,3,10,0,0,0,0,0,0,0,0,0,0,-28000,-28000,-28000,-28000,-28000,-28000,-28000,-28000,-28000,-28000,-28000,-28000,-28000,-28000,-28000,-28000,-28000,-28000,-28000,-28000,-28000,-28000,-28000,-28000]} 1. e4 c5 2. Nf3 d6 3. c3 Nf6 4. h3 Nc6 5. Bd3 e5 6. Bc2 d5 {Nowadays more popular than 6...Be7. B50: Sicilian: 2...d6, Miscellaneous.} 7. d3 {is the legacy move (7.exd5).} h6 {[#]} 8. O-O $146 ({Predecessor:} 8. Nbd2 Bd6 9. Nf1 d4 10. g4 h5 11. g5 Nh7 12. Ng3 g6 13. a3 Bd7 14. Bd2 {0-1 (30) Aguinaga,M (2235)-Shirov,A (2652) Rio Grande 2021}) 8... Bd6 {The position is equal.} 9. Re1 O-O 10. Nbd2 {[%cal Bb1d2,Bd2f1,Bf1g3][%mdl 32]} Bc7 11. Nf1 b5 12. Ng3 d4 13. a4 dxc3 ({Black should try} 13... b4 $11) 14. axb5 $14 cxb2 15. Bxb2 Nd4 16. Nxd4 (16. Bb3 $14) 16... exd4 $11 17. Ba3 Nd7 (17... Bxg3 $5 18. fxg3 Qc7 $11) 18. Rf1 {[%cal Be1f1,Bf1f5,Bf5c5][%mdl 32]} Rb8 19. Rb1 Bxg3 20. fxg3 Qa5 {[%csl LRa3,LRb5]} 21. Ra1 {[%cal Oa3c5] [#] Black must now prevent Bxc5!} Qxb5 22. Rf5 Qb7 23. Ba4 ({Much worse is} 23. Bxc5 Nxc5 24. Rxc5 Be6 $11) (23. Bc1 {feels hotter.} Qc6 24. Ba4 Qe6 25. Kh2 Rb6 26. Ba3) 23... Nb6 24. Rxc5 {Black should prevent Ra5.} Nxa4 25. Qxa4 {Threatening Rd5.} Rd8 {Inhibits Rd5.} 26. g4 {[%cal Bg3g4,Bg4g5][%mdl 32]} Be6 27. Qa5 Qb3 28. Qd2 Rbc8 29. g5 Rxc5 30. Bxc5 Qc3 31. Qxc3 dxc3 {[%mdl 4096] Endgame KRB-KRB} 32. d4 hxg5 (32... c2 {keeps more tension.} 33. Kf2 hxg5 34. d5 Bd7 35. Be7 Rc8) 33. Rc1 f5 34. exf5 Bxf5 35. Rxc3 a5 36. Rg3 g4 37. hxg4 Be4 38. Re3 Bd5 39. Bb6 {[%csl LRa5,LRd8]} Rb8 40. Bxa5 Rb2 41. g3 Rb3 42. Bc3 Kf7 43. Kf2 Kf6 44. Re5 Rxc3 45. Rxd5 {[#] Threatens to win with Rf5+. KR-KR} Rd3 46. Rf5+ Ke6 47. Rf4 Kd5 48. Rf7 Rxd4 49. Rxg7 $2 {[%mdl 8192]} (49. Rf5+ $11 Ke6 50. Rf4) 49... Ke5 {Mate.} 50. Rg6 Ra4 51. Kg2 Ra1 52. Rb6 Rc1 53. Rh6 Ra1 54. Rh1 Ra2+ 55. Kh3 Kf6 56. Rb1 Kg5 57. Rb8 Kg6 58. Rb6+ Kg5 59. Rb5+ Kg6 60. g5 Kh5 {[%mdl 32768] Weighted Error Value: White=0.23 (precise) /Black=0.06 (flawless) . An unexpected result.} 1/2-1/2

[Event "MPL National Senior Chess-ch 2022"]
[Site "Kanpur"]
[Date "2022.02.26"]
[Round "3.14"]
[White "Jain Kashish Manoj"]
[Black "Aronyak Ghosh"]
[Result "1/2-1/2"]
[WhiteElo "2162"]
[BlackElo "2482"]
[Annotator "TA"]
[PlyCount "60"]
[EventDate "2022.02.25"]
[EventCountry "IND"]
[SourceTitle "playchess.com"]
[Source "ChessBase"]
[SourceQuality "1"]

{[%evp 18,60,30,33,37,25,68,10,103,95,90,97,86,81,104,108,110,104,112,102,120,127,108,104,156,73,308,55,62,52,59,0,0,0,0,0,0,0,0,0,0,0,0,0,0]} 1. e4 c5 2. Nf3 d6 3. d4 Nf6 4. Nc3 cxd4 5. Nxd4 Nc6 6. Bg5 e6 7. Qd2 a6 8. O-O-O Bd7 $1 {8...Bd7 scores better than 8...h6.} 9. f3 Be7 10. Kb1 Qc7 {B67: Sicilian: Richter-Rauzer: 7...a6 8 0-0-0 Bd7, lines without 9 f4 Be7.} 11. Be3 Ne5 (11... h5 $11 {should be considered.}) 12. f4 ({White should play} 12. a3 $14) 12... Nc4 (12... Nc6 $11) 13. Bxc4 $16 Qxc4 {[#]} 14. e5 $1 Nd5 15. Nxd5 exd5 16. g4 ({Reject} 16. b3 $6 Qc7 $11) 16... dxe5 17. fxe5 {[#]} Be6 $146 ({Predecessor:} 17... Bc5 18. Qf2 Bxd4 19. Bxd4 O-O 20. Rhg1 Rac8 21. h4 Qc6 22. h5 Qe6 23. Rh1 Rc6 {1-0 (46) Supi,L (2530)-Cori Quispe,K (2444) Rio Branco 2017}) 18. Nf5 Qxg4 19. Nxe7 {White is more active.} Kxe7 20. Rhg1 Qe4 {[#]} 21. Rdf1 (21. Bd4 $142 $1) 21... Rhc8 $2 (21... Rac8 $16) 22. Bd4 $2 (22. Rxg7 $18 {Hoping for Qf2.} Qc4 23. Rf3 (23. Qf2 d4 $18)) 22... Kd7 $1 $14 {[%cal Be7d7,Bd7e8,Be8f8,Bf8g8][%mdl 32]} ({Weaker is} 22... Rc4 23. Rf4 Rxd4 24. Qxd4 Qxd4 25. Rxd4 $16) 23. Rxg7 Rc4 24. Rfxf7+ (24. Bc3 $14) 24... Bxf7 $11 {The position is equal.} 25. Rxf7+ Ke8 26. Rf8+ {[%mdl 64] Decoy} Kxf8 27. Qh6+ $1 Kg8 28. Qe6+ Kf8 {[%cal Re4e1]} 29. Qf6+ Kg8 {[%cal Re4e1]} 30. Qe6+ Kf8 {Weighted Error Value: White=0.30/Black=0.28 (precise)} 1/2-1/2